Adverse weather, reduced visibility, and road safety : driving in reduced visibility conditions due to adverse weather : a report /

Bibliographic Details
Corporate Author: Organisation for Economic Co-operation and Development
Format: Book
Language:English
Published: Paris : [Washington, D.C.] : Organisation for Economic Co-operation and Development ; [sold by OECD Publications Center], 1976.
Series:Road transport research.
Subjects:

MARC

Tag First Indicator Second Indicator Subfields
LEADER 00000cam a2200000 i 4500
001 in00000357607
005 20151011061902.0
008 770512s1976 fr a b i00000 eng
010 |a  77357342  
015 |a F*** 
020 |a 9264115536 :  |c $5.00 (U.S.) 
035 |a (OCoLC)03001270 
035 |9 ABM9180AM 
040 |a DLC  |c DLC  |d TXA  |d UtOrBLW 
049 |a TXAM  |c [1395948] 
050 0 0 |a TE228  |b .O73 1976a 
082 0 |a 629.28/3 
110 2 |a Organisation for Economic Co-operation and Development. 
245 1 0 |a Adverse weather, reduced visibility, and road safety :  |b driving in reduced visibility conditions due to adverse weather : a report /  |c prepared by an OECD road research group. 
264 1 |a Paris :  |b Organisation for Economic Co-operation and Development ;  |a [Washington, D.C.] :  |b [sold by OECD Publications Center],  |c 1976. 
300 |a v, 87 pages :  |b illustrations ;  |c 27 cm. 
336 |a text  |b txt  |2 rdacontent 
337 |a unmediated  |b n  |2 rdamedia 
338 |a volume  |b nc  |2 rdacarrier 
490 1 |a Road research 
504 |a Includes bibliographical references. 
650 0 |a Roads  |x Safety measures. 
650 0 |a Roads  |x Visibility. 
650 0 |a Automobile driving in bad weather. 
830 0 |a Road transport research. 
999 |a MARS 
999 f f |s c4481075-a878-3c87-9d1f-72a60eff66b1  |i 8ac32526-88ad-3157-93c4-a91938358411  |t 0 
952 f f |p ric  |a Texas A&M University  |b Rellis Campus  |c Joint Library Facility  |d Remote Storage  |t 0  |e TE228 .O73 1976a  |h Library of Congress classification  |i unmediated -- volume  |m A14805388971 
998 f f |a TE228 .O73 1976a  |t 0  |l Remote Storage